004580000a22001090004500090001700000245015600017041001300173100002600186942001300212773010600225999001700331 aASbSeriadas10aNew species of Eleutherodactylus from the Cordillera Occidental of weatern Colombia with a synopsis of the distributions of species in western Colombia0 aInglés1 aLynch, John D.992907 cARTICULO1 tRevista de la Academia Colombiana de Ciencias Exactas, Fisicas y Naturales332h82q117-148d1998g22 c14187d14187